000 01251nam a2200229Ia 4500
003 Ost
005 20260507075043.0
008 260507s9999||||xx |||||||||||||| ||und||
040 _cfsecg
041 _aara
082 _a330
100 _aأبو دوح، محمد عامر حماد
_eمؤلف
245 0 _aمنظمة التجارة العالمية واقتصاديات الدول النامية /
_c محمد عامر حماد أبو دوح
260 _aالاسكندرية:
_bالدار الجامعية للنشر,
_c2003
300 _a487 صفحة؛
_bإيضاحات ؛
_c24 سم
504 _aملاحق ص.491
520 _aنشأة منظمة التجارة العالمية وتحرير التجارة العالمية للمنتجات الزراعية، الآثار المحتملة لمنظمة التجارة العالمية، أسس تنمية وتكامل قطاعي الزراعة والتصنيع الزراعي بالدول النامية في ظل أحكام منظمة التجارة العالمية، تقييم السياسات المالية القائمة وإمكانيات تطويرها
653 _aاقتصاديات
653 _aالتجارة
653 _aالدول النامية
942 _cكتاب
999 _c42535
_d42535